| 000 | 00515nam a22001817a 4500 | ||
|---|---|---|---|
| 003 | CEME | ||
| 005 | 20210628203144.0 | ||
| 008 | 210119b xxu||||| |||| 00| 0 eng d | ||
| 020 | _a0-07-058661-6 | ||
| 040 | _cceme | ||
| 082 | _a621.4021 POT | ||
| 100 |
_aPotter, Merle C , Somerton, Craig W _963663 |
||
| 245 | _aTheory and problems of thermodynamics for engineers | ||
| 260 |
_aNEW DELHI _bTATA MCGRAW HILL _c2004 |
||
| 300 | _aVII,371 P | ||
| 650 |
_aTHERMODYNAMICS FOR ENGINEERS _963664 |
||
| 942 |
_cBK _2ddc |
||
| 999 |
_c572413 _d572413 |
||